| 000 | 01678cam a22004097a 4500 | ||
|---|---|---|---|
| 001 | 15839943 | ||
| 003 | OSt | ||
| 005 | 20150408114019.0 | ||
| 008 | 090728s2000 mau bf 000 0 eng d | ||
| 010 | _a 99096341 | ||
| 020 | _a0967077281 (pbk.) | ||
| 020 | _a9780967077284 (pbk.) | ||
| 035 | _a(OCoLC)ocm43711092 | ||
| 040 |
_aIAX _cIAX _dMIA _dYDXCP _dBAKER _dDLC |
||
| 042 | _alccopycat | ||
| 050 | 0 | 0 |
_aRM666.H33 _bQ53 2000 |
| 082 |
_222 _a615.32 |
||
| 245 | 0 | 0 | _aQuick access patient information on conditions, herbs & supplements / |
| 246 | 3 | 0 | _aPatient information on conditions, herbs & supplements |
| 246 | 3 | _aConditions, herbs and supplements | |
| 250 | _a1st ed. | ||
| 260 |
_aNewton, MA : _bIntegrative Medicine Communications, _c2000. |
||
| 300 |
_a266 p. ; _c28 cm. |
||
| 504 | _aIncludes bibliographical references (p. 235-266). | ||
| 650 | 0 |
_aHerbs _xTherapeutic use _vHandbooks, manuals, etc. _911405 |
|
| 650 | 0 |
_aDietary supplements _vHandbooks, manuals, etc. _911371 |
|
| 650 | 0 |
_aHolistic medicine _vHandbooks, manuals, etc. _911434 |
|
| 650 | 1 | 2 |
_aHerbs _xtherapeutic use _vHandbooks. _911405 |
| 650 | 1 | 2 |
_aPlants, Medicinal _vHandbooks. _911435 |
| 650 | 2 | 2 |
_aDietary Supplements _vHandbooks. _911371 |
| 650 | 2 | 2 |
_aHolistic Health _vHandbooks. _911436 |
| 650 | 2 | 2 |
_aPatient Education _vHandbooks. _911437 |
| 710 | 2 |
_aIntegrative Medicine Communications. _911438 |
|
| 856 | 4 | 2 |
_3Publisher description _uhttp://www.loc.gov/catdir/enhancements/fy1003/99096341-d.html |
| 942 |
_2ddc _cBOOK |
||
| 999 |
_c21877 _d256377 |
||